Soñolencias

Gespeichert in:
Bibliographische Detailangaben
1. Verfasser: Aguilar Bulgarelli, José Francisco
Format: Buch
Sprache:Undetermined
Veröffentlicht: San José, Costa Rica José Francisco Aguilar Bulgarelli 2001
Schlagworte:
Tags: Tag hinzufügen
Keine Tags, Fügen Sie den ersten Tag hinzu!

MARC

LEADER 00000nam a2200000Ia 4500
008 170316s9999 xx 000 0 und d
040 |a cru BVZT 
090 |a 868 A-3.1s 
100 |a Aguilar Bulgarelli, José Francisco  |9 416 
245 |a Soñolencias  |c / José Francisco Aguilar Bulgarelli 
260 |a San José, Costa Rica 
260 |b José Francisco Aguilar Bulgarelli 
260 |c 2001 
300 |a 151 páginas 
650 |a LITERATURA COSTARRICENSE  |9 17 
650 |a PROSA  |9 417 
999 |c 10700  |d 10700 
942 |c 15 D  |h 868 A-3.1s  |2 z